000 00747nam a2200193 i 4500
001 54023
003 ES-MaACL
005 20250930063053.0
007 t|
008 031121s1880 sp ||||1| spa d
100 1 _aFerreiro, Martín,
_d1830-1896
_950393
245 1 0 _aConveniencia de establecer una Sociedad Española de Salvamento de Náufragos :
_bmemoria sobre el salvamento marítimo /
_cpor Martín Ferreiro.
260 _aMadrid :
_b[s.n.],
_c1880 (
_fImp. de José de Rojas)
300 _a216 p., [5] h. pleg. de lám. ;
_c23 cm.
610 2 4 _aSociedad Española de Salvamento de Náufragos.
_96755
650 4 _aServicios de salvamento marítimo-
_zEspaña.
_9155028
852 4 _aES-MaACL
_jT-678-F-8
999 _c54023
_d54023